00786nam a2200205Ia 4500001001000000003000500010008004100015010001100056040000900067100003200076245020700108260003500315300001000350502008700360650002200447650002800469650002300497650001000520710005000530Para_1192CHAP220125s1997 xx 000 0 und d a199918 cCHAP aGarcía Sánchez, Ernesto aResistencia de variedades de cebolla (Allim cepa L.), a Alternaria porri (Ellis), (Mancha púrpura), y Thrips tabaci Lind, (Trips de la cebolla), en Chapingo, Méx. /c por Ernesto García Sánchez aChapingo, Méx. :b El autor a60 h. aTesis (Ing. Agr. Esp. en Parasitología Agrícola), UACh. Depto. Parasitología aAlternaria porri  aCebada x enfermedades  aCebolla x plagas  aTrips aUACh. Departamento Parasitología Agrícola